| 000 | 00000cas 2200000za 4500 |
| 001 | 9.503741 |
| 003 | CaOODSP |
| 005 | 20260514135013 |
| 007 | cr ||||||||||| |
| 008 | 150406c20119999oncar p o s f0 b0fre|d |
| 022 | |a2292-5589 |
| 040 | |aCaOODSP|bfre |
| 043 | |an-cn--- |
| 086 | 1 |aBT1-28F-PDF |
| 110 | 1 |aCanada. |bConseil du trésor. |
| 245 | 12|aL'équité en matière d'emploi dans la fonction publique du Canada |h[ressource électronique] : |brapport annuel au Parlement. |
| 246 | 13|aÉquité en matière d'emploi dans la fonction publique du Canada : |brapport annuel |
| 246 | 13|aÉquité en matière d'emploi dans la fonction publique du Canada exercice financier ... |
| 260 | |a[Ottawa] : |bSecrétariat du Conseil du Trésor du Canada, |cc2012- |
| 310 | |aAnnuel |
| 362 | 1 |aParaît depuis 2010/2011. |
| 500 | |aPubli. aussi en anglais sous le titre : Employment equity in the public service of Canada. |
| 530 | |aÉgalement publ. en version imprimée. |
| 691 | 07|aÉquité en matière d'emploi|2gcpds |
| 691 | 07|aFonction publique|2gcpds |
| 775 | 08|tEmployment equity in the public service of Canada |w(CaOODSP)9.507350 |
| 780 | 00|tL'équité en emploi dans la fonction publique du Canada |w(CaOODSP)9.503740 |